Normal view
MARC view
Entry Personal Name
001 - CONTROL NUMBER
- control field: 524880
003 - CONTROL NUMBER IDENTIFIER
- control field: OSt
005 - DATE AND TIME OF LATEST TRANSACTION
- control field: 20220930064728.0
008 - FIXED-LENGTH DATA ELEMENTS
- fixed length control field: 220930|| aca||aabn | a|a d
040 ## - CATALOGING SOURCE
- Original cataloging agency: OSt
- Transcribing agency: OSt
100 ## - HEADING--PERSONAL NAME
- Personal name: Supervisors : Prof K N Saxena and Prof B I Sundararaj
670 ## - SOURCE DATA FOUND
- Source citation: Work cat.: (OSt)858597: Harish Kumar, Sexual behaviour and communication in the leafhopper amrasca devastans (Distant Homopter , 1980
